000 00890nas a2200301 4500
001 BR2010004973
003 BR-BrBNA
005 20231205114322.0
007 ta
008 230509b bl.|||p| |||| 00| 00por d
040 _aBR-BrBNA
_bpor
_cBiblioteca Nacional de Agricultura
041 _a(Pt)
072 _aH20
100 1 _aSilvera-Pérez, A.E.
100 1 _aValdebenito-Sanhueza, R.M.
100 1 _aDuarte, V.
100 1 _aSantos, H.P.
100 1 _aFelippeto, J.
245 1 _aControle do mofo cinzento com Clonostachys rosea na produção de mudas de fúcsia
650 _aPLANTA
650 _aFUNGO
650 _aMUDA
650 _aCONTROLE BIOLÓGICO
650 _aFUNGICIDA
773 0 _tTropical Plant Pathology (Brazil)
_xISSN 1982-5676
_g(May-Jun 2010), v. 35(3) p. 163-169
_wBR2010004973
909 _a202311
_bLúcia
_c55
_dLúcia Elande
942 _2AGRIS
_n0
_cANA
999 _c208207
_d208207